Personnages d'anime aux cheveux verts - Statistiques

Statistiques générales
  • Ce quiz a été pris 128 fois
  • Le résultat moyen est 7 sur 38
Statistiques - réponses
Hint Réponse % Correct
Izuku Midoriya
92%
Hunter x Hunter Gon Freecss
80%
One piece Roronoa zoro
80%
Kuroko no basket Shintaro Midorima
53%
My hero academia Tsuyu Asui
47%
Jujutsu kaisen Maki Zenin
42%
Inko Midoriya
39%
One punch Man Tatsumaki
33%
Code geass C.C.
31%
Mai Zenin
29%
Assassination classroom Kaede Kayano
27%
Bartolomeo
17%
Naruto Zetsu
17%
Fairy tail Fried Justin
16%
Yonji Vinsmoke
12%
Gaimon
11%
Monet
11%
Bisca Connell
10%
Camie
8%
Cowboy bebop Spike Spiegel
7%
Ibara Shiozaki
6%
Makino
6%
Brandish Myuh
5%
Jade E. Fiore
5%
Bleach Mashirao Kuna
5%
Sandersonia Boa
5%
Sugar
5%
Aoi Rokusho
4%
Nelliel Tu Odelschwanck
4%
Tokyo ghoul Sen Takatsuki
4%
Seven deadly sins Helbram
2%
Deldry
1%
Setsuna Tokage
1%
Emi Fukukado
0%
Karen Lilica
0%
Moe Kamiji/Burnin
0%
Sao Recon
0%
Sigurd
0%
Aucun quiz correspondant
Distribution des résultats
% des personnes avec chaque résultat
Percentile par nombre de réponses
Votre historique - résultats
Vous n’avez pas pris ce quiz